La instrucción pública en México : estado que guardan la instrucción primaria, la secundaria y la profesional en la República : progresos realizados, mejoras que deben introducirse.

Guardat en:
Dades bibliogràfiques
Autor principal: Díaz Covarrubias, José (autor)
Altres autors: Latapí Sarre, Pablo, an (autor) an, (autor)
Format: Desconegut
Idioma:espanyol
Matèries:
Accés en línia:Ver documento en línea
Etiquetes: Afegir etiqueta
Sense etiquetes, Sigues el primer a etiquetar aquest registre!

MARC

LEADER 00000c**#a2200000ua#4500
001 000502305
003 DLC
005 20260411000000.0
008 070831c^^^^9999^^^^r1^^^^^^^^0^^^^0spa^d
009 20260411194139.019
022 |a 01851284 
035 |a FCE 000046495 
037 |a Acervo ITESO - Biblioteca 
041 |a spa 
095 |a RLEE  |b 93-1-129. 
100 |a Díaz Covarrubias, José  |e (autor) 
245 1 4 |a La instrucción pública en México :  |b estado que guardan la instrucción primaria, la secundaria y la profesional en la República : progresos realizados, mejoras que deben introducirse. 
264 |a México :  |b Centro de Estudios Educativos,  |c 1993. 
336 |a texto  |b txt  |2 rdacontenido 
337 |a sin mediación  |b n  |2 rdamedio 
338 |a volumen  |b nc  |2 rdasoporte 
649 |a XX 
650 |a Educación superior 
650 |a Educación pública 
650 |a Reseña 
650 |a Educación primaria 
650 |a Educación secundaria 
650 |a México 
740 |g vol. 23, no. 1, 1993, pp. 129-133.  |t Revista Latinoamericana de Estudios Educativos. Libros, 
700 |a Latapí Sarre, Pablo,  |e an  |e (autor) 
856 4 0 |u https://www.cee.edu.mx/rlee/revista/r1991_2000/r_texto/t_1993_1_08.pdf  |y Ver documento en línea 
910 |a Fondo Centro de Estudios Educativos 
920 |a Impresos - Libros 
930 |a Fondos Especiales 
905 |a 133 
902 |a https://opac.biblio.iteso.mx/vufind/Record/000502305